Score 0/16 Timer 02:00
2 Plays Today
TV Network Missing Word % Correct
Country _____ TelevisionMusic
95.1%
_____ TelevisionEntertainment
93%
Home & _____TelevisionGarden
91.9%
Game ____ NetworkShow
85.3%
Public ____ ServiceBroadcasting
84.8%
Home ____ NetworkShopping
76%
The _____ ChannelMovie
74.3%
The _____ ChannelLearning
67%
TV Network Missing Word % Correct
____ ExtendedFOX
63.6%
Independent ____ ChannelFilm
56.6%
Turner Broadcasting _____System
54%
Consumer News and ____ ChannelBusiness
45.9%
American Movie ____Classics
35.8%
_____ National Broadcasting CompanyMicrosoft
33.4%
______ Broadcasting CorporationCanadian
25.1%
Cable _______ Public Affairs NetworkSatellite
6.1%

Today's Daily Dose

Missing Word
Marvin Gaye Songs

Quick Pick
Movies of 2019

Get the Picture
Chinese Cities

You're not logged in!

Compare scores with friends on all Sporcle quizzes.
OR
Log In

Sporcle TV

Today on Sporcle TV


Watch our educational content, quiz creation guides, and fun videos on Sporcle TV.

Show Comments

Extras

Top Quizzes Today


Score Distribution

Your Account Isn't Verified!

In order to create a playlist on Sporcle, you need to verify the email address you used during registration. Go to your Sporcle Settings to finish the process.

Report this User

Report this user for behavior that violates our Community Guidelines.

Details: